LEADER 00895nam0 2200253 450 001 000018746 005 20081104103442.0 010 $a0-534-37014-4 100 $a20081104d2000----km-y0itay50------ba 101 0 $aeng 102 $aUS 105 $ay-------001yy 200 1 $aApplied numerical methods for engineers using MATLAB and C$fRobert J. Schilling, Sandra L. Harris 210 $aPacific Grove, CA$cBrooks/Cole$dc2000 215 $aXX, 715 p.$cill.$d25 cm 500 10$aApplied numerical methods for engineers using MATLAB and C$932946 676 $a620.00151$v20$9ingegneria 700 1$aSchilling,$bRobert J.$0172202 701 1$aHarris,$bSandra L.$0284764 801 0$aIT$bUNIPARTHENOPE$c20081104$gRICA$2UNIMARC 912 $a000018746 951 $aM 620.00151/4$bs. i.$cDSA$d2008 996 $aApplied numerical methods for engineers using MATLAB and C$932946 997 $aUNIPARTHENOPE LEADER 01071nam2 22002893i 450 001 CFI0289171 005 20231121125450.0 010 $a8828601426 100 $a20160421d1994 ||||0itac50 ba 101 | $aita 102 $ait 181 1$6z01$ai $bxxxe 182 1$6z01$an 200 1 $a˜Il œNovecento$fVincenzo De Caprio, Stefano Giovanardi 210 $aMilano$cEinaudi scuola$d\1994! 215 $a1470 p.$cill.$d24 cm. 461 1$1001PUV0241849$12001 $a˜I œtesti della letteratura italiana$fVincenzo De Caprio, Stefano Giovanardi$v4 700 1$aDe Caprio$b, Vincenzo$3CFIV058150$4070$0158225 701 1$aGiovanardi$b, Stefano$f <1949-2012>$3RAVV078588$4070$0163705 801 3$aIT$bIT-01$c20160421 850 $aIT-FR0017 899 $aBiblioteca umanistica Giorgio Aprea$bFR0017 $eN 912 $aCFI0289171 950 2$aBiblioteca umanistica Giorgio Aprea$d 52S.L. 850.8 TLI.DeC.4$e 52SBA0000204205 VMB RS $fC $h20160421$i20160421 977 $a 52 996 $aNovecento$9955230 997 $aUNICAS